| 000 | 00582nam a2200157Ia 4500 | ||
|---|---|---|---|
| 003 | IN-BaIIA | ||
| 008 | 211028s9999 xx 000 0 eng d | ||
| 040 | _cIIA Library | ||
| 080 |
_a(058):658.5(540) _bDIR |
||
| 245 | 0 |
_aDirectory of scientific instruments and components manufactured in India _cedited by S. R. Taneja |
|
| 260 |
_aNew Delhi _bCentral Scientific Instruments Organisation _c1985 |
||
| 300 | _a[various pagings.] | ||
| 650 |
_aDirectory-Scientific instruments-India _914045 |
||
| 700 |
_aTaneja, S. R., ed. _914046 |
||
| 942 | _cBK | ||
| 999 |
_c8375 _d8375 |
||